[Event "Halle-Buna"]
[Site "Halle"]
[Date "1982.??.??"]
[Round "10"]
[White "Knaak, Rainer"]
[Black "Portisch, Ferenc"]
[Result "1-0"]
[WhiteElo "2505"]
[BlackElo "2435"]

1.d4 Nf6 2.c4 d6 3.Nc3 Nbd7 4.Nf3 g6 5.e4 Bg7 6.Be2 O-O 7.O-O e5 8.Be3 h6
9.Ne1 exd4 10.Bxd4 Re8 11.f3 Ne5 12.Qd2 c6 13.Rd1 Qc7 14.b3 Kh7 15.Be3 Bf8
16.Nc2 b6 17.Kh1 Bb7 18.f4 Ned7 19.Bf3 Rad8 20.Bf2 Nc5 21.Rfe1 a5 22.Bd4 Bg7
23.Qf2 Ng8 24.h4 h5 25.Qg3 Bxd4 26.Nxd4 Qe7 27.e5 dxe5 28.Rxe5 Qf6 29.a3 Qg7
30.b4 axb4 31.axb4 Ne6 32.Nxe6 Rxd1+ 33.Bxd1 Rxe6 34.Rxe6 fxe6 35.Ne4 Qd4
36.Bc2 Nh6 37.Ng5+ Kh8 38.Nf3 Qa1+ 39.Ng1 Qg7 40.Qxg6 Qxg6 41.Bxg6 c5 42.bxc5 bxc5
43.Bxh5 Nf5 44.Bf3 Ba6 45.g4 Ne3 46.Be2 Bxc4 47.Bxc4 Nxc4 48.Kg2 Kg7 49.Ne2 Ne3+
50.Kf3 Nf1 51.g5 Kg6 52.Ng3 Nh2+ 53.Ke2 c4 54.h5+ Kg7 55.Nf1 Ng4 56.Ne3  1-0

[Event "Havana"]
[Site "Havana"]
[Date "1982.??.??"]
[Round "9"]
[White "Garcia Martinez, Silvino"]
[Black "Rodriguez, Amador"]
[Result "1/2-1/2"]
[WhiteElo "2425"]
[BlackElo "2485"]

1.d4 Nf6 2.c4 g6 3.Nc3 Bg7 4.e4 d6 5.Nf3 O-O 6.Be2 e5 7.Be3 c6 8.O-O Nbd7
9.Qc2 Qe7 10.Rad1 exd4 11.Bxd4 Re8 12.Rfe1 Ne5 13.h3 Nh5 14.Be3 f5 15.exf5 Bxf5
16.Qd2 Nxf3+ 17.Bxf3 Qf7 18.b3 Be5 19.Bxh5 gxh5 20.Bd4 Qg6 21.Bxe5 Rxe5 22.Rxe5 dxe5
23.Qe3 Re8 24.Kh2 a6 25.Na4 b5 26.Nc5 bxc4 27.bxc4 h4 28.Rd2 h6 29.g4 hxg3+
30.Qxg3 Qxg3+ 31.Kxg3 Rb8 32.Nxa6 Ra8 33.Nc5 Ra3+ 34.f3 e4 35.Rf2 e3 36.Re2 Bb1
37.Nd7 Bxa2 38.Ne5 Ra4 39.Rxe3 Bxc4 40.Nxc6 Bf7 41.Rd3 h5 42.h4 Kg7 43.Rd4 Ra6
44.Ne5 Be6 45.Nd3 Ra5 46.Nf4 Bf7 47.Rd7 Kf6 48.Rd6+ Kg7 49.Ng2 Ra3 50.Nf4 Ra4
51.Ne2 Be8 52.Nd4 Bf7 53.Kf4 Bg6 54.Rd7+ Kf6 55.Rd8 Ra6 56.Rd5 Bf7 57.Rf5+ Kg7
58.Rc5 Ra4 59.Ke5 Bg6 60.f4 Ra1 61.Rc7+ Kh6 62.f5 Ra5+ 63.Kf6 Bxf5  1/2-1/2

[Event "Hong Kong zt qual"]
[Site "Hong Kong"]
[Date "1982.??.??"]
[Round "?"]
[White "Rogers, Ian"]
[Black "Torre, Eugenio"]
[Result "1/2-1/2"]
[WhiteElo "2355"]
[BlackElo "2535"]

1.c4 g6 2.Nc3 Bg7 3.d4 Nf6 4.e4 d6 5.Nf3 O-O 6.Be2 e5 7.Be3 Ng4 8.Bg5 f6
9.Bh4 Nc6 10.d5 Ne7 11.Nd2 Nh6 12.f3 c5 13.Rb1 b6 14.b4 g5 15.Bf2 f5 16.bxc5 dxc5
17.O-O f4 18.a4 a5 19.Nb5 Bd7 20.Rb3 Nc8 21.Nb1 Rf6 22.N1c3 Nf7 23.Qb1 Nfd6
24.Qb2 Rg6 25.Nxd6 Rxd6 26.Nb5 Rg6 27.Rb1 h5 28.h3 Bxb5 29.Rxb5 Ra7 30.Kf1  1/2-1/2

[Event "Hong Kong zt"]
[Site "Hong Kong"]
[Date "1982.??.??"]
[Round "2"]
[White "Mahmud, Syarif"]
[Black "Torre, Eugenio"]
[Result "1/2-1/2"]
[WhiteElo "2260"]
[BlackElo "2535"]

1.d4 Nf6 2.Nf3 g6 3.c4 Bg7 4.Nc3 O-O 5.e4 d6 6.Be2 e5 7.d5 a5 8.O-O Na6 9.Ne1 Nc5
10.f3 Nh5 11.Nd3 b6 12.Be3 f5 13.exf5 gxf5 14.Qd2 Bd7 15.Rad1 Kh8 16.f4 Nxd3
17.Bxd3 Nxf4 18.Bxf4 exf4 19.Ne2 Qf6 20.b3 a4 21.Nxf4 axb3 22.axb3 Qd4+ 23.Kh1 Ra3
24.Qb4 Qb2 25.Rb1 Bc3 26.Rxb2 Bxb4 27.Ne6 Bxe6  1/2-1/2

[Event "Jarvenpaa"]
[Site "Jarvenpaa"]
[Date "1982.??.??"]
[Round "6"]
[White "Ogaard, Leif"]
[Black "Maki, Veijo"]
[Result "1/2-1/2"]
[WhiteElo "2510"]
[BlackElo "2315"]

1.c4 g6 2.e4 Bg7 3.d4 d6 4.Nc3 Nf6 5.Be2 O-O 6.Nf3 e5 7.O-O Nbd7 8.Re1 c6
9.Bf1 exd4 10.Nxd4 Ng4 11.Qxg4 Bxd4 12.Qd1 Qf6 13.Be3 Bxe3 14.Rxe3 Ne5 15.Qd2 Be6
16.b3 Rad8 17.Rg3 Qh4 18.f4 Ng4 19.Rh3 Qe7 20.Qd4 a6 21.Be2 f5 22.Rg3 Nf6
23.Re3 Qg7 24.Rd1 Nxe4 25.Nxe4 Qxd4 26.Rxd4 fxe4 27.Rdxe4 Bf5 28.Re7 Rf7
29.Kf2 Kf8 30.Rxf7+ Kxf7 31.g4 Bb1 32.a3 a5 33.Bd3 Bxd3 34.Rxd3 Ke6 35.Re3+ Kf6
36.Kf3 d5 37.g5+ Kf7 38.Rd3 Ke6 39.Re3+ Kf7 40.Rd3 Ke6 41.cxd5+ Rxd5 42.Re3+ Kf5
43.Kg3 Rc5 44.Kf3 Rd5 45.Kg3 b5 46.b4 axb4 47.axb4 c5 48.bxc5 Rxc5 49.Re7 Rc3+
50.Kh4 Kxf4 51.Rf7+ Ke5 52.Rxh7 b4 53.Rb7 Rc4+ 54.Kg3 Rc3+ 55.Kg4 Rc4+ 56.Kg3  1/2-1/2

[Event "Lloyds Bank op"]
[Site "London"]
[Date "1982.??.??"]
[Round "1"]
[White "Plaskett, Jim"]
[Black "Treppner, Gerd"]
[Result "1/2-1/2"]
[WhiteElo "2430"]
[BlackElo "2310"]

1.d4 Nf6 2.Nf3 d6 3.c4 g6 4.Nc3 Bg7 5.e4 O-O 6.Be2 e5 7.O-O c6 8.Re1 exd4
9.Nxd4 Re8 10.Bf1 Ng4 11.h3 Qf6 12.hxg4 Qxd4 13.g5 Na6 14.Be3 Qxd1 15.Raxd1 Be5
16.Na4 Nc7 17.f4 Bg7 18.Bf2 Bf8 19.Nc3 Bg4 20.Rd2 h6 21.e5 dxe5 22.Rxe5 Rxe5
23.fxe5 hxg5 24.Ne4 Be7 25.Be3 Bf5 26.Nd6 Bxd6 27.exd6 Ne6 28.d7 Rd8 29.Bxa7 Nf8
30.Be3 f6 31.b4 Rxd7 32.a4 Rxd2 33.Bxd2 Ne6 34.a5 Kf7 35.b5 cxb5 36.cxb5 Ke7
37.Bb4+ Kd7 38.Bc3 Ke7 39.Kf2 Be4 40.Ke3 f5 41.Be5 Bd5 42.Kd2 g4 43.Kc3 f4
44.a6 bxa6 45.bxa6 Kd7 46.Kb4 Kc6 47.Ka5 Kc5 48.a7 Ba8 49.Ka6 g3 50.Bf6 Nc7+
51.Ka5 Nd5 52.Bg5 Ne3 53.Be7+ Kc6 54.Be2 Kc7 55.Bg5 Nxg2 56.Bf1 f3 57.Bxg2 fxg2
58.Be3 Kd6 59.Bg1  1/2-1/2

[Event "Luzern ol (Men)"]
[Site "Luzern"]
[Date "1982.??.??"]
[Round "2"]
[White "Gligoric, Svetozar"]
[Black "Nagendra, Rentala"]
[Result "1-0"]
[WhiteElo "2530"]
[BlackElo "2290"]

1.d4 Nf6 2.c4 g6 3.Nc3 Bg7 4.e4 d6 5.Be2 O-O 6.Nf3 e5 7.Be3 Nc6 8.d5 Ne7
9.Nd2 Nd7 10.b4 f5 11.f3 f4 12.Bf2 g5 13.c5 Nf6 14.Nc4 Ne8 15.cxd6 cxd6 16.Nb5 b6
17.a4 Ba6 18.Nba3 Rf6 19.b5 Bc8 20.Nc2 Bd7 21.Nb4 Bf8 22.Qb3 Rh6 23.Nc6 Bxc6
24.dxc6 Kh8 25.O-O Bg7 26.Rfd1 Qc7 27.a5 Rb8 28.axb6 axb6 29.Ra6 Nc8 30.Qa3 Re6
31.Ra8 Rxa8 32.Qxa8 Bf6 33.Qb7 Bd8 34.Ra1 Re7 35.Ra8  1-0

[Event "Luzern ol (Men)"]
[Site "Luzern"]
[Date "1982.??.??"]
[Round "3"]
[White "Goormachtigh, Johan"]
[Black "Schmidt, Wlodzimierz"]
[Result "1/2-1/2"]
[WhiteElo "2350"]
[BlackElo "2475"]

1.d4 Nf6 2.c4 g6 3.Nc3 Bg7 4.e4 d6 5.Be2 O-O 6.Nf3 e5 7.dxe5 dxe5 8.Qxd8 Rxd8
9.Bg5 Re8 10.O-O-O h6 11.Be3 c6 12.Ne1 Na6 13.Nc2 Bf8 14.Rd2 Ng4 15.Bxg4 Bxg4
16.f3 Be6 17.b3 Kg7 18.Rhd1 Be7 19.Kb2 b6 20.Ne1  1/2-1/2

[Event "Luzern ol (Men)"]
[Site "Luzern"]
[Date "1982.??.??"]
[Round "3"]
[White "Milos, Gilberto"]
[Black "Ree, Hans"]
[Result "0-1"]
[WhiteElo "2395"]
[BlackElo "2490"]

1.d4 Nf6 2.c4 g6 3.Nc3 Bg7 4.e4 d6 5.Nf3 O-O 6.Be2 e5 7.d5 a5 8.Bg5 h6 9.Bh4 Na6
10.Nd2 Qe8 11.a3 Bd7 12.b3 Nh7 13.Rb1 Nc5 14.O-O f5 15.f3 Bf6 16.Bf2 Qe7
17.Kh1 Bg5 18.Qc2 Nf6 19.b4 axb4 20.axb4 Na4 21.Nb5 Bxb5 22.cxb5 Bxd2 23.Qxd2 fxe4
24.Qc2 exf3 25.gxf3 Kh7 26.Rg1 e4 27.Bd4 Nb6 28.Rbe1 Nbxd5 29.fxe4 Nxb4 30.Qb1 Qxe4+
31.Qxe4 Nxe4 32.Bh5 Nf2+ 33.Bxf2 Rxf2 34.Re7+ Kg8 35.Rxc7 Raa2 36.Rxg6+ Kf8
37.Kg1 Nd3 38.Rc8+ Ke7 39.Rg7+ Kf6 40.Rf7+ Kg5 41.Rxf2 Rxf2 42.Bd1 Rb2 43.Bc2 Ne5
44.Kf2 Nc6 45.Rg8+ Kf4 46.Rf8+ Ke5 47.bxc6 Rxc2+ 48.Kg3 bxc6 49.Rh8 c5 50.Rxh6 c4
51.Rh8 c3 52.Rc8 Kd4 53.h4 Rc1 54.Kg2 Re1  0-1

[Event "Luzern ol (Men)"]
[Site "Luzern"]
[Date "1982.??.??"]
[Round "5"]
[White "Jamieson, Robert Murray"]
[Black "Sznapik, Aleksander"]
[Result "1-0"]
[WhiteElo "2425"]
[BlackElo "2480"]

1.e4 g6 2.d4 Bg7 3.c4 d6 4.Nc3 Nf6 5.Nf3 O-O 6.Be2 e5 7.d5 a5 8.O-O Na6 9.Qc2 h6
10.Ne1 Nh7 11.Be3 f5 12.exf5 Bxf5 13.Qd2 Ng5 14.Bxg5 hxg5 15.f3 Qe7 16.g4 Bd7
17.Bd3 Nc5 18.Ne4 Rf4 19.Nxc5 dxc5 20.Be4 Bxg4 21.d6 Qf6 22.dxc7 Bh3 23.Ng2 Rc8
24.Qd5+ Kh7 25.Qxb7 Qf7 26.Nxf4 exf4 27.Rfd1 Qxc4 28.Qd5 Qxd5 29.Rxd5 Rxc7
30.Rxg5 Bd4+ 31.Kh1 Kh6 32.Rxg6+ Kh5 33.Rd1 Re7 34.Rg8 Be6 35.Ra8 Rg7 36.Rxa5 Be3
37.Ra8 Kg5 38.Rh8 Bxa2 39.Rd6 Bf2 40.Kg2 Be1 41.Rc6 Bc4 42.Rch6  1-0

[Event "Luzern ol (Men)"]
[Site "Luzern"]
[Date "1982.??.??"]
[Round "7"]
[White "Frey, Kenneth"]
[Black "Cooper, John Grantley"]
[Result "1/2-1/2"]
[WhiteElo "2460"]
[BlackElo "2330"]

1.Nf3 Nf6 2.c4 g6 3.Nc3 Bg7 4.e4 d6 5.d4 O-O 6.Be2 e5 7.Be3 Qe7 8.d5 a5 9.Nd2 Na6
10.a3 Bd7 11.O-O Rfc8 12.b3 h5 13.f3 Qf8 14.g4 Nh7 15.gxh5 Bh6 16.f4 Qg7
17.Nf3 Nf6 18.hxg6 fxg6 19.Ng5 exf4 20.Bxf4 Nc5 21.Rc1 Re8 22.e5 dxe5 23.Be3 Bh3
24.Rf3 Bg4 25.Rg3 Bxe2 26.Qxe2 Nh5 27.Rg4 Nf4 28.Qf3 Bxg5 29.Rxg5 Nxb3 30.Rb1 Nd4
31.Qg4 Ra6 32.Rxb7 Qe7 33.Bxf4 Nf3+ 34.Kg2 Nxg5 35.Bxg5 Qxa3 36.Ne4 Rf8 37.d6 Rxd6
38.Nxd6 Qxd6 39.Rb2 Qc6+ 40.Kg1 Qc5+ 41.Kg2 Qc6+ 42.Kg3 a4 43.Rf2 Rxf2 44.Kxf2 a3
45.Qc8+ Kf7 46.Qd8 Qb6+ 47.Be3 Qb2+ 48.Kf3 a2 49.Qxc7+ Kg8  1/2-1/2

[Event "Luzern ol (Men)"]
[Site "Luzern"]
[Date "1982.??.??"]
[Round "7"]
[White "Olafsson, Helgi"]
[Black "Durao, Joaquim"]
[Result "1/2-1/2"]
[WhiteElo "2430"]
[BlackElo "2290"]

1.Nf3 Nf6 2.c4 g6 3.Nc3 Bg7 4.e4 d6 5.d4 O-O 6.Be2 e5 7.dxe5 dxe5 8.Qxd8 Rxd8
9.Bg5 Re8 10.Nd5 Nxd5 11.cxd5 c6 12.Bc4 cxd5 13.Bxd5 Nc6 14.Ke2 Be6 15.Bxc6 bxc6
16.Rhc1 Reb8 17.Rc2 a5 18.Be3 Rb4 19.Nd2 a4 20.Bc5 Rb5 21.Ba3 Bf8 22.Bxf8 Kxf8
23.Ke3 Rab8 24.b3 axb3 25.axb3 Bxb3  1/2-1/2

[Event "Luzern ol (Men)"]
[Site "Luzern"]
[Date "1982.??.??"]
[Round "10"]
[White "Diez del Corral, Jesus"]
[Black "Sznapik, Aleksander"]
[Result "0-1"]
[WhiteElo "2475"]
[BlackElo "2480"]

1.d4 Nf6 2.c4 g6 3.Nc3 Bg7 4.e4 d6 5.Nf3 O-O 6.Be2 e5 7.d5 a5 8.Bg5 h6 9.Bh4 Na6
10.Nd2 Qe8 11.a3 Bd7 12.Qc2 Nh7 13.f3 h5 14.Bf2 Bh6 15.Nb5 Qe7 16.h3 h4 17.Nb3 b6
18.Nc1 f5 19.Nd3 Ng5 20.Nc3 Nc5 21.Nxc5 bxc5 22.Bd3 Nh7 23.exf5 gxf5 24.O-O Kh8
25.Kh1 Rf7 26.Qe2 Rg8 27.Qe1 Bg5 28.b3 Nf6 29.f4 exf4 30.Ra2 Nh5 31.Re2 Qf6
32.Re6 Bxe6 33.dxe6 Rfg7 34.Nd5 Qg6 35.Qb1 Be7 36.Rg1 Qxe6 37.Nxc7 Qe5 38.Qd1 Nf6
39.Re1 Ne4 40.Qf3 Nxf2+ 41.Qxf2 Rxg2 42.Rxe5 Rxf2 43.Rxf5 Rg3 44.Rh5+ Kg7
45.Be4 f3 46.Ne6+ Kf7 47.Nf4 Bg5  0-1

[Event "Luzern ol (Men)"]
[Site "Luzern"]
[Date "1982.??.??"]
[Round "11"]
[White "Hoelzl, Franz"]
[Black "Zapata, Alonso"]
[Result "1/2-1/2"]
[WhiteElo "2355"]
[BlackElo "2420"]

1.c4 g6 2.d4 Bg7 3.Nf3 d6 4.Nc3 Nf6 5.e4 O-O 6.Be2 e5 7.O-O Nbd7 8.Qc2 c6
9.Rd1 exd4 10.Nxd4 Re8 11.f3 a5 12.Bf1 Qc7 13.Kh1 Nc5 14.Be3 Nfd7 15.Bg1 Ne6
16.Nxe6 Rxe6 17.Na4 b6 18.Rd3 Nc5 19.Nxc5 dxc5 20.Rad1 Re8 21.Qd2 Be6 22.Be3 a4
23.Bg5 f5 24.exf5 Bxf5 25.Rd8 Raxd8 26.Bxd8 Qb8 27.Bg5 Bd4 28.Bf4 Qb7 29.h3 Qf7
30.Bh6 Bd7 31.b3 b5 32.b4 bxc4 33.bxc5 Bxc5 34.Qxd7 Qxd7 35.Rxd7 Re1 36.Rg7+ Kh8
37.Kh2 Bf8 38.Ra7 Bxh6 39.Bxc4 Rc1 40.Bd3 Rd1 41.Be4 Bf4+ 42.g3 Rd2+ 43.Kh1 Bxg3
44.Bxc6 Rxa2  1/2-1/2

[Event "Luzern ol (Men)"]
[Site "Luzern"]
[Date "1982.??.??"]
[Round "14"]
[White "Trisa Ard, Nakorn"]
[Black "Beitar, Hanni"]
[Result "0-1"]
[WhiteElo "2325"]
[BlackElo "2255"]

1.d4 Nf6 2.c4 g6 3.Nc3 Bg7 4.e4 d6 5.Nf3 O-O 6.Be2 e5 7.Be3 Nbd7 8.Qd2 exd4
9.Nxd4 Re8 10.f3 c6 11.Nb3 Ne5 12.Bf4 Nh5 13.Bg5 Bf6 14.Be3 Be6 15.c5 Bxb3
16.axb3 dxc5 17.Qxd8 Rexd8 18.f4 Nd3+ 19.Bxd3 Bxc3+ 20.Ke2 Bxb2 21.Raf1 Bd4
22.e5 Bxe3 23.Kxe3 Rd4 24.g4 Ng7 25.h4 Rad8 26.Be4 Rb4 27.Bc2 c4 28.Rd1 Rxd1
29.Rxd1 Ne6 30.f5 cxb3 31.Be4 Nf8 32.Rd8 b2 33.Bb1 gxf5 34.gxf5 Kg7 35.h5 Rh4
36.f6+ Kg8 37.Ba2 Rxh5 38.Kf4 Rh6 39.Kf5 Rh5+ 40.Kf4 Rh6 41.Kf5 Rh1 42.e6 b1=Q+
43.Bxb1 fxe6+  0-1

[Event "Marbella zt-A"]
[Site "Marbella"]
[Date "1982.??.??"]
[Round "4"]
[White "Ligterink, Gert"]
[Black "McNab, Colin Anderson"]
[Result "1/2-1/2"]
[WhiteElo "2455"]
[BlackElo "2340"]

1.d4 d6 2.Nf3 g6 3.c4 Bg7 4.Nc3 Nd7 5.e4 e5 6.Be2 Ngf6 7.O-O O-O 8.Be3 a5
9.Qc2 Ng4 10.Bg5 f6 11.Bc1 exd4 12.Nxd4 Nc5 13.h3 f5 14.Nb3 Nxb3 15.Qxb3 Ne5
16.c5+ Kh8 17.cxd6 Qxd6 18.Rd1 Qf6 19.f4 fxe4 20.Nxe4 Qc6 21.Ng5 h6 22.fxe5 hxg5
23.Bxg5 Qc5+ 24.Qe3 Qxe5 25.Qxe5 Bxe5 26.Rac1 Be6 27.Bc4 Bxc4 28.Rxc4 Rf7
29.b3 Kg7 30.Be3 b6 31.Re4 Bf6 32.Rf1 Re7 33.Ref4 Be5 34.R4f3  1/2-1/2

[Event "Moscow"]
[Site "Moscow"]
[Date "1982.??.??"]
[Round "?"]
[White "Chekhov, Valery A"]
[Black "Knaak, Rainer"]
[Result "1/2-1/2"]
[WhiteElo "2460"]
[BlackElo "2495"]

1.d4 Nf6 2.c4 d6 3.Nc3 Nbd7 4.e4 e5 5.Nf3 g6 6.Be2 Bg7 7.O-O O-O 8.Be3 Ng4
9.Bg5 f6 10.Bh4 Nh6 11.Qd2 c6 12.Rad1 Nf7 13.h3 Bh6 14.Qc2 Bf4 15.b4 Kh8
16.c5 dxc5 17.dxc5 Qe7 18.Nd2 Bxd2 19.Rxd2 Re8 20.Rfd1 Nf8 21.f3 Ne6 22.Bf2 Nf4
23.Bf1 Be6 24.Kh2 Qf8 25.Ne2 Qh6 26.Nxf4 Qxf4+ 27.Bg3 Qh6 28.Bc4 Ng5 29.Bxe6 Nxe6
30.Qc4 Re7 31.Rd7 Qg7 32.Rxe7 Qxe7 33.Rd6 Re8 34.Qd3 Qf7 35.Bf2 Re7 36.Be3 Kg7
37.a4 a6 38.b5 axb5 39.axb5 cxb5 40.Qxb5 g5 41.c6  1/2-1/2

[Event "Moscow-ch"]
[Site "Moscow"]
[Date "1982.??.??"]
[Round "10"]
[White "Antoshin, Vladimir S"]
[Black "Kuzmin, Alexey"]
[Result "1/2-1/2"]
[WhiteElo "2360"]
[BlackElo "2200"]

1.d4 Nf6 2.c4 g6 3.Nc3 Bg7 4.e4 d6 5.Be2 O-O 6.Nf3 e5 7.d5 a5 8.O-O Na6 9.Bg5 h6
10.Bh4 Qe8 11.Nd2 Nh7 12.a3 Bd7 13.Rb1 h5 14.f3 a4 15.Nb5 Bh6 16.Bf2 Qe7
17.Re1 f5 18.Bd3 Bxd2 19.Qxd2 f4  1/2-1/2

[Event "Moscow-ch"]
[Site "Moscow"]
[Date "1982.??.??"]
[Round "16"]
[White "Rashkovsky, Nukhim N"]
[Black "Kremenietsky, Anatoly M"]
[Result "1/2-1/2"]
[WhiteElo "2515"]
[BlackElo "2385"]

1.d4 Nf6 2.c4 g6 3.Nc3 Bg7 4.e4 d6 5.Be2 O-O 6.Nf3 e5 7.O-O Nbd7 8.Re1 c6
9.Bf1 Qc7 10.d5 a5 11.Rb1 Nc5 12.b3 Bd7 13.Nd2 Rfb8 14.a3 cxd5 15.cxd5 b5
16.b4 axb4 17.Rxb4 Na6 18.Rb3 Qa5 19.Ndb1 Nc5 20.Rb4 Na6  1/2-1/2

[Event "Nijmegen"]
[Site "Nijmegen"]
[Date "1982.??.??"]
[Round "?"]
[White "Van Wijgerden, Cornelis"]
[Black "Scheeren, Peter"]
[Result "0-1"]
[WhiteElo "2425"]
[BlackElo "2430"]

1.c4 Nf6 2.Nc3 g6 3.e4 d6 4.d4 Bg7 5.Nf3 O-O 6.Be2 e5 7.dxe5 dxe5 8.Qxd8 Rxd8
9.Bg5 Re8 10.Nd5 Nxd5 11.cxd5 c6 12.Bc4 cxd5 13.Bxd5 Nc6 14.h3 Nb4 15.Bb3 Be6
16.Ke2 Rac8 17.Rhc1 Bxb3 18.axb3 a6 19.Rc3 Nc6 20.Be3 f5 21.Rd1 Rcd8 22.Rxd8 Rxd8
23.Bb6 Re8 24.Nd2 Nd4+ 25.Kd1 Bh6 26.f3 Ne6 27.Nc4 Nf4 28.Be3 fxe4 29.fxe4 Bf8
30.Rc2 Bb4 31.Kc1 Nd3+ 32.Kb1 Rf8 33.Nb6 Rf1+ 34.Ka2 Re1 35.Nd5 Bf8 36.Rc7 Nb4+
37.Nxb4 Bxb4 38.Bh6 Rxe4 39.Rg7+ Kf8 40.Rxb7+ Ke8 41.Rxh7 Re2 42.g4 e4 43.Rg7 Bc3
44.Rxg6 Kf7 45.Rxa6 Rxb2+ 46.Ka3 Rh2 47.Bf4 Rxh3 48.Ka4 e3 49.Ra7+ Ke6 50.Bxe3 Rxe3
51.g5 Rg3 52.g6 Be5  0-1

[Event "Pamporovo"]
[Site "Pamporovo"]
[Date "1982.??.??"]
[Round "4"]
[White "Inkiov, Ventzislav"]
[Black "Minic, Dragoljub"]
[Result "1-0"]
[WhiteElo "2495"]
[BlackElo "2400"]

1.d4 Nf6 2.c4 d6 3.Nf3 Nbd7 4.Nc3 e5 5.e4 g6 6.Be2 Bg7 7.O-O O-O 8.Be3 Ng4
9.Bg5 f6 10.Bc1 c6 11.h3 Nh6 12.Be3 Nf7 13.Qc2 Ng5 14.Nxg5 fxg5 15.d5 c5
16.a3 h6 17.b4 b6 18.Qa4 Nf6 19.bxc5 dxc5 20.g4 Ne8 21.Qb3 Nd6 22.a4 a5 23.Rab1 Ra6
24.Qa3 Rf7 25.Rb3 Rb7 26.Rfb1 Bf8 27.f3 Bd7 28.Bf2 Ra8 29.Bg3 Bg7 30.Qa1 Rab8
31.R1b2 Bf6 32.Kg2 Qc7 33.Nd1 Qd8 34.Rc2 Qe8 35.Nb2 Kf7 36.Rc1 Qe7 37.Nd3 Re8
38.Qb2 Nc8 39.Bf2 Ra7 40.Rxb6 Nxb6 41.Qxb6 Raa8 42.Nxc5 Reb8 43.Qc7 Rc8 44.Qb6 Rcb8
45.Nxd7 Qxd7 46.Qe3 Qxa4 47.c5 Rb2 48.c6 Qd4 49.Qd3 Qxd3 50.Bxd3 Rd2 51.Bf1 Bd8
52.c7 Bxc7 53.Rxc7+ Kf6 54.Rc6+ Kf7 55.Rc7+ Kf6 56.Kg1 Rb8 57.Bc5 Rd1 58.Kf2 a4
59.Rh7  1-0

[Event "POL-ch"]
[Site "POL"]
[Date "1982.??.??"]
[Round "?"]
[White "Szymczak, Zbigniew"]
[Black "Bielczyk, Jacek"]
[Result "1/2-1/2"]
[WhiteElo "2395"]
[BlackElo "2390"]

1.d4 Nf6 2.c4 g6 3.Nc3 Bg7 4.e4 d6 5.Nf3 O-O 6.Be2 e5 7.dxe5 dxe5 8.Qxd8 Rxd8
9.Bg5 Re8 10.Nd5 Nxd5 11.cxd5 c6 12.Bc4 cxd5 13.Bxd5 Nc6 14.Bxc6 bxc6 15.Rc1 Be6
16.b3 a5 17.Rxc6 a4 18.O-O axb3 19.axb3 Bxb3  1/2-1/2

[Event "POL-ch"]
[Site "POL"]
[Date "1982.??.??"]
[Round "?"]
[White "Adamski, Jan"]
[Black "Dobrzynski, Wojciech"]
[Result "1/2-1/2"]
[WhiteElo "2425"]
[BlackElo "2310"]

1.d4 g6 2.c4 Bg7 3.Nf3 Nf6 4.Nc3 O-O 5.e4 d6 6.Be2 e5 7.Be3 Nbd7 8.O-O Ng4
9.Bg5 f6 10.Bc1 Nh6 11.Rb1 Nf7 12.b4 Kh8 13.Qc2 c6 14.Rd1 a5 15.b5 Qc7 16.bxc6 bxc6
17.c5 dxc5 18.dxe5 Nfxe5 19.Na4 Nxf3+ 20.Bxf3 f5 21.Nxc5 Ne5 22.Be2 fxe4
23.h3 Rb8 24.Rxb8 Qxb8 25.Be3 Qc7 26.Qxe4 Bf5 27.Qa4 Re8 28.Na6 Qf7 29.Qxa5 Be4
30.Rd8 Qe7 31.Bg5 Qf7 32.Nc5 Bd5 33.Qa8 Rxd8 34.Qxd8+ Qg8 35.a4 h6 36.Qxg8+ Kxg8
37.Be3 Nc4 38.Bxc4 Bxc4 39.a5 Bf8 40.a6 Bxc5 41.Bxc5 Be6  1/2-1/2

[Event "POL-ch"]
[Site "POL"]
[Date "1982.??.??"]
[Round "?"]
[White "Panczyk, Krzysztof"]
[Black "Steczkowski, Kazimierz"]
[Result "0-1"]
[WhiteElo "2390"]
[BlackElo "2275"]

1.d4 Nf6 2.c4 g6 3.Nc3 Bg7 4.e4 d6 5.Be2 O-O 6.Nf3 e5 7.O-O Nbd7 8.Re1 c6
9.Bf1 Ng4 10.d5 c5 11.h3 Nh6 12.Ng5 Kh8 13.Bd3 Ng8 14.Qc2 Bh6 15.Nf3 Bxc1
16.Raxc1 Ndf6 17.a3 Nh5 18.b4 b6 19.bxc5 bxc5 20.Ne2 f5 21.exf5 gxf5 22.Qc3 Rf7
23.Ng3 Nxg3 24.fxg3 Rg7 25.Bf1 Nf6 26.Nd2 Nh5 27.Re3 Qg5 28.Nf3 Qh6 29.Rce1 Bd7
30.Nxe5 dxe5 31.Rxe5 Rag8 32.d6 Qxd6 33.g4 Nf6 34.gxf5 Rg3 35.Re6 Rxc3 36.Rxd6 Rf8
37.g4 Rxa3 38.g5 Rg3+  0-1

[Event "POL-ch"]
[Site "POL"]
[Date "1982.??.??"]
[Round "?"]
[White "Adamski, Jan"]
[Black "Szymczak, Zbigniew"]
[Result "1/2-1/2"]
[WhiteElo "2425"]
[BlackElo "2395"]

1.Nf3 Nf6 2.c4 d6 3.d4 Nbd7 4.Nc3 e5 5.e4 g6 6.Be2 Bg7 7.O-O O-O 8.Re1 c6
9.Bf1 exd4 10.Nxd4 Ng4 11.Qxg4 Bxd4 12.Qd1 Qf6 13.Be3 Bxe3 14.Rxe3 Ne5 15.Qd2 Be6
16.b3 Rad8 17.Rd1 a6 18.Ree1 c5 19.f4 Nc6 20.Qe3 Kh8 21.h3 Nd4 22.Ne2 Nc6
23.Nc3 Nd4  1/2-1/2

[Event "POL-ch"]
[Site "POL"]
[Date "1982.??.??"]
[Round "?"]
[White "Sygulski, Artur"]
[Black "Szymczak, Zbigniew"]
[Result "1-0"]
[WhiteElo "2220"]
[BlackElo "2395"]

1.d4 Nf6 2.c4 g6 3.Nc3 Bg7 4.e4 d6 5.Nf3 O-O 6.Be2 e5 7.O-O Nbd7 8.Re1 c6
9.Bf1 Qb6 10.Na4 Qc7 11.dxe5 dxe5 12.h3 Re8 13.Qc2 Nf8 14.Be3 Ne6 15.Rad1 c5
16.Rc1 Nd4 17.Nxd4 exd4 18.Bd2 Bd7 19.Bd3 Nh5 20.Be2 d3 21.Bxd3 Bxa4 22.Qxa4 Red8
23.Qa3 Qd7 24.Re3 Nf4 25.Bc3 Bxc3 26.Rxc3 Qe7 27.e5 Qg5 28.Be4 Qxe5 29.g3 Nxh3+
30.Kg2 Qh5 31.Bd5 Ng5 32.Qxc5 Qh3+ 33.Kg1 Qf5 34.Re7 Re8 35.Rce3 Rxe7 36.Rxe7 Rd8
37.Qe3 b6 38.Rxa7 h5 39.Re7 b5 40.Re5 Qb1+ 41.Kg2 Nh7 42.Bxf7+ Kxf7 43.Re7+  1-0

[Event "POL-ch"]
[Site "POL"]
[Date "1982.??.??"]
[Round "?"]
[White "Panczyk, Krzysztof"]
[Black "Sygulski, Artur"]
[Result "1-0"]
[WhiteElo "2390"]
[BlackElo "2220"]

1.d4 Nf6 2.c4 g6 3.Nc3 Bg7 4.e4 d6 5.Be2 Nbd7 6.Nf3 O-O 7.O-O e5 8.Re1 c6
9.Bf1 Re8 10.d5 c5 11.Rb1 Rf8 12.a3 Ne8 13.b4 h6 14.bxc5 Nxc5 15.Na4 Nxa4
16.Qxa4 Nc7 17.Be3 Na6 18.Nd2 Bd7 19.Qc2 Qc7 20.Rb2 b6 21.a4 Nc5 22.Ra1 f5
23.f3 f4 24.Bf2 Bf6 25.Nb1 a5 26.Nc3 Be7 27.Rab1 Ra6 28.Nb5 Qc8 29.Nc3 Qc7
30.Bxc5 Qxc5+ 31.Qf2 Bd8 32.Qxc5 dxc5 33.d6 Rf6 34.Rd2 Kf7 35.Rbd1 Ra7 36.Rd5 Re6
37.g3 g5 38.Bh3 Re8 39.Kg2 h5 40.Bxd7 Rxd7 41.Kf2 Bf6 42.Rb1 Rb8 43.Rxc5 Rxd6
44.Rc7+ Kg6 45.c5 Re6 46.Nd5 Bd8 47.Rd7 Kh6 48.gxf4 gxf4 49.Kg2 Rc6 50.Kh3 Rg6
51.Rb2 Rc6 52.Rb1 Rg6 53.Rb2 Rc6 54.Rg2 bxc5 55.Rg8 c4 56.Rh8+ Kg6 57.Rhxd8 Rxd8
58.Rxd8 c3 59.Rg8+ Kh6 60.Rg1 c2 61.Rc1 Kg5 62.Rg1+ Kh6 63.Rc1 Kg5 64.Kg2 Rc4
65.Nb6 Rc7 66.Nd5 Rc4 67.Ne7 Kf6 68.Nf5 Ke6 69.Kf2 Rc3 70.Ke2 Kf6 71.Nh4 Re3+
72.Kf2 Rc3 73.Ng2 Rc4 74.Ne1 Rxa4 75.Rxc2 Ra3 76.Rc6+ Ke7 77.Ke2 a4 78.Kd2 Kd7
79.Rc3 Ra1 80.Rc1 Ra3 81.Nd3 Kd6 82.Rc2 Ra1 83.Nc1 Rb1 84.Ra2 Kc5 85.Kc2 Rb8
86.Rxa4 Rg8 87.Nd3+ Kb5 88.Rb4+  1-0

[Event "Randers zt-A"]
[Site "Randers"]
[Date "1982.??.??"]
[Round "2"]
[White "Tiller, Bjorn"]
[Black "Kagan, Shimon"]
[Result "0-1"]
[WhiteElo "2320"]
[BlackElo "2425"]

1.c4 g6 2.e4 Bg7 3.d4 d6 4.Nc3 Nd7 5.Nf3 e5 6.Be2 Ngf6 7.O-O O-O 8.Qc2 c6
9.Rd1 Qe7 10.d5 c5 11.Bg5 h6 12.Bh4 g5 13.Bg3 Nh5 14.Nd2 Nf4 15.Nf1 Nf6 16.f3 N6h5
17.Ne3 Nxe2+ 18.Nxe2 Nf4 19.Bf2 Nxe2+ 20.Qxe2 f5 21.g4 f4 22.Nf5 Bxf5 23.gxf5 Bf6
24.b4 b6 25.bxc5 bxc5 26.Rab1 Rab8 27.Kh1 Rb6 28.Rxb6 axb6 29.Rb1 Qa7 30.Qb2 Bd8
31.Qb3 Qa6 32.a4 Rf7 33.Be1 Ra7 34.a5 bxa5 35.Qa4 Kf8 36.Rb8 Ra8 37.Rb1 Qc8
38.Rb5 Qd7 39.Kg2 h5 40.h3 Ra7 41.Qa1 a4 42.Bc3 Kg7 43.Bxe5+ dxe5 44.Qxe5+ Bf6
45.Qb8 a3 46.e5 a2 47.exf6+ Kh7 48.f7 Qxf7  0-1

[Event "Randers zt-B"]
[Site "Randers"]
[Date "1982.??.??"]
[Round "5"]
[White "Hoelzl, Franz"]
[Black "Rantanen, Yrjo A"]
[Result "1-0"]
[WhiteElo "2405"]
[BlackElo "2425"]

1.d4 Nf6 2.c4 g6 3.Nc3 Bg7 4.e4 d6 5.Nf3 O-O 6.Be2 Nbd7 7.O-O e5 8.Re1 c6
9.Bf1 a5 10.dxe5 dxe5 11.Na4 Re8 12.Qc2 Bf8 13.c5 Qe7 14.Be3 Ng4 15.Bg5 f6
16.Bd2 Nxc5 17.Nb6 Rb8 18.Bxa5 Nd7 19.Nxc8 Rexc8 20.Red1 b5 21.Rd2 Nc5 22.Rad1 Qe6
23.b3 f5 24.exf5 gxf5 25.h3 Nh6 26.Ng5 Qf6 27.Bb4 Nb7 28.Bxf8 Rxf8 29.Nf3 Nf7
30.Qc3 Rfd8 31.a4 bxa4 32.bxa4 Kg7 33.Rd7 Kg6 34.Bc4 Rxd7 35.Rxd7 Nbd6 36.Bxf7+ Nxf7
37.Rc7 Rb1+ 38.Kh2 Rb6 39.a5 Ra6 40.Rxf7 Kxf7 41.Qc4+  1-0

[Event "Randers zt-B"]
[Site "Randers"]
[Date "1982.??.??"]
[Round "9"]
[White "Huss, Andreas"]
[Black "Mortensen, Erling"]
[Result "1-0"]
[WhiteElo "2310"]
[BlackElo "2440"]

1.d4 Nf6 2.Nf3 g6 3.c4 Bg7 4.Nc3 O-O 5.e4 d6 6.Be2 e5 7.d5 a5 8.Bg5 h6 9.Bh4 Na6
10.Nd2 Qe8 11.a3 Bd7 12.b3 Nh7 13.Rb1 h5 14.f3 Bh6 15.Bf2 Qe7 16.b4 axb4
17.axb4 f5 18.Rb2 h4 19.O-O Qg5 20.Kh1 Nf6 21.Qe1 h3 22.g3 Qh5 23.exf5 gxf5
24.c5 e4 25.f4 Qf7 26.Be3 Qe7 27.Qf2 Bg7 28.Rb3 Ng4 29.Bxg4 fxg4 30.Ndb1 Bf5
31.Rd1 Rfd8 32.Nb5 Qf7 33.N1c3 Bf8 34.cxd6 cxd6 35.Nd4 Rac8 36.Qe2 Nxb4 37.Rxb4 Rxc3
38.Rxb7 Qxb7 39.Nxf5 Rdc8 40.Qxg4+ Bg7 41.Nxd6 Qc7 42.Qe6+ Kf8 43.Qf5+ Kg8
44.Nxc8 Rxe3 45.d6 Rd3 46.Rb1  1-0